Le Honduras pour les touristes... - Facile - Statistiques

Statistiques générales
  • Ce quiz a été pris 5 fois
  • Le résultat moyen est 8 sur 20
Statistiques - réponses
Question Indice Réponses Indice facile % Correct
Quelle est la langue officielle ? Espagnol
100%
Achats à faire 3/ A boire... Café FACE
80%
Avez-vous besoin d'un visa ? (oui/non) Non
80%
Combien d'heures (environ) mettrez-vous pour vous y rendre ? (en chiffres) 10
60%
Dans la capitale quel est le décalage horaire avec Paris ? (+ ou - et chiffre) ex - 10 - 8
60%
La conduite se fait à droite ou à gauche ? Droite
60%
Le principal aéroport est T Tegucigalpa
60%
Quel est le climat local ? T Tropical
60%
La vitesse est limitée hors des villes à {80} km/h
40%
La religion majoritaire est Catholicisme C
40%
Quelles sont les principaux lieux touristiques ? Y Lac de {Yojoa} AYJOO
40%
Quelles sont les principaux lieux touristiques ? C Site de {Copan} PANCO
40%
Achats à faire 2/ Déconseillés pour la santé Cigares GRACIES
20%
Le suffixe internet est hn
20%
Quelles sont les principaux lieux touristiques ? P B Parc national {Pico Bonito} BIPOINTCOO
20%
Quelles sont les principaux lieux touristiques ? R P Réserve de {Rio Platano} NOTARIALOP
20%
Quelle est la monnaie ? Tempira T
20%
Comment se nomme la principale compagnie aérienne locale A H Avianca Honduras ACHARNIONSAADUV
0%
Achats à faire 1/ Poteries Negativo VINTAGEO
0%
Achats à faire 4/ Objets en bois de Palissandre DPRALINASSE
0%
Aucun quiz correspondant
Distribution des résultats
% des personnes avec chaque résultat
Percentile par nombre de réponses
Votre historique - résultats
Vous n’avez pas pris ce quiz